01101 2200349 4500001002100000005001500021035002000036007000300056040001700059100002300076245016400099250000900263300004400272020002200316041000800338082001100346084001700357090002200374264003000396336002100426337003000447338002300477650001400500850001000514008004100524500003300565700004000598700003800638504002900676990002300705990002300728INLIS00000000000795920260529111929 a0010-0922000448ta aSBPUPADbind0 aKusriniePengarang1 aTuntunan Praktis Membangun Sistem Informasi Akuntansi dengan Visual Basic dan Microsoft Sgl Server /cKusrini ;Pengarang-2,Andri Koniyo ;Editor,Sigit Suyantoro aEd.1 axii,338 hlm :billus. ;c16 x 23 cmeCD a978-979-29-0162-7 aind a657.42 a657.42 KUS t a658.32 GEO c 23-3 aYogyakarta :bANDI,c2007 2rdacontentateks 2rdamediaatanpa perantara 2rdacarrieravolume 4aAkuntansi aPUPAD260529 0  aTentang Penulis hlm; 337-3380 aPengarang-2,Andri KoniyoePengarang0 aEditor,Sigit SuyantoroePengarang aBibliografi, hlm 335-335 a13905/BR/KAPD/2010 a14027/BR/KAPD/2010